| 000 | 00889nam a22002175i 4500 | ||
|---|---|---|---|
| 001 | 154797 | ||
| 003 | ES-MaACL | ||
| 005 | 20230906205845.0 | ||
| 008 | 040713s1870 fr |||| | spa d | ||
| 040 |
_aCAM _bspa _cCAM |
||
| 100 | 1 |
_aGrimke, Frederic. _9127564 |
|
| 245 | 1 | 0 |
_aNaturaleza y tendencia de las instituciones libres / _cpor Federico Grimke; traducida al español por Florentino González, con una introducción por él mismo. |
| 260 |
_aParis : _blibrería de Rosa y Bouret, _c1870 ( _eA San Germain : _fImprenta de L. Toinon) |
||
| 300 |
_a2 v. (XLIII, 320; 412 p.) ; _c22 cm. |
||
| 490 | 1 | _aCiencia y derecho constitucional | |
| 650 | 4 |
_aInstituciones públicas. _9136301 |
|
| 700 | 1 | 1 |
_aGonzález, Florentino, _etrad. _9127462 |
| 830 | 0 |
_aCiencia y derecho constitucional _9221513 |
|
| 852 |
_aES-MaACL _jF-10454-10455 _z-- Enc. tela grabada |
||
| 999 |
_c154797 _d154797 |
||